|
|
|
|
| LEADER |
00000nab a2200000 ar4500 |
| 001 |
vtls010087701 |
| 003 |
SK-MaSNL |
| 005 |
20260304173431.0 |
| 008 |
100422c20100409xo dr|n|||||||000 b|slo |
| 015 |
|
|
|a SNBRB2010/04
|2 snkbucl
|
| 038 |
|
|
|a SNKBUCL
|
| 040 |
|
|
|a SNKBUCL
|b slo
|c SNKBUCL
|e AACR2
|
| 041 |
0 |
|
|a slo
|
| 044 |
|
|
|a xo
|c SK
|
| 080 |
|
|
|a 796.92.071
|2 2001
|
| 080 |
|
|
|a 929 Šťastný, Pavel
|2 2001
|
| 100 |
1 |
|
|a Gressner, Igor
|4 ivr
|4 aut
|9 838363
|
| 245 |
1 |
0 |
|a "Zuzulovej konkurenciu vítam!"
|b po slovensky hovoriaci Pavel Šťastný je tréner českej lyžiarskej hviezdy Šárky Záhrobskej
|c [zhováral sa] Igor Gressner
|
| 300 |
|
|
|b Fotogr.
|
| 600 |
1 |
7 |
|a Šťastný, Pavel,
|d 1946-
|2 snkbucl
|9 999095
|
| 650 |
0 |
7 |
|a lyžovanie
|2 snkbucl
|9 3256
|
| 655 |
|
7 |
|a rozhovory
|2 snkbucl
|9 31831
|
| 700 |
1 |
|
|a Šťastný, Pavel,
|d 1946-
|4 ive
|4 aut
|9 999095
|
| 773 |
0 |
|
|t Šport
|g Roč. 64, č. 81 (9.4.2010), s. 44-45
|x 0139-7001
|
| 852 |
|
|
|a SNK
|b KIS3GCP
|
| 999 |
|
|
|c 3003267
|d 3005197
|